000 01097cam a22002651i 4500
003 SA-RiAUC
005 20240922133950.0
008 240919s1982 ly g 00000 ara c
040 _aSA-RiAUC
_bara
_cSA-RiAUC
_erda
041 1 _aara
_hund
043 _af-mr---
082 0 4 _a953.0725
_qSA-RiAUC
090 _a953.0725
_b ت و ر
100 1 _aتورنو، روجي لي،
_d1907-1971
_eمؤلف.
245 1 0 _aحركة الموحدين في المغرب في القرنين الثاني عشر والثالث عشر /
_cتأليف روجي لي تور ؛ ترجمة أمين الطيبي.
264 1 _aطرابلس، ليبيا ؛
_aتونس :
_bالدار العربية للكتاب،
_c1982
300 _a142 صفحة ؛
_c21 سم
336 _aنص
_btxt
_2rdacontent
_3كتاب
337 _aبدون وسيط
_bn
_2rdamedia
338 _aمجلد
_bnc
_2rdacarrier
651 7 _aالمغرب
_xتاريخ
_yالموحدون، 1130-1269
_2aucsh
700 1 _aالطيبي، أمين توفيق،
_d1932-
_eمترجم.
942 _2ddc
_cBOOK
_n0
949 _aSA-JeALM
_d240919
_umohamedma123
_n1
999 _c468
_d468